000 00285nam a22001217a 4500
008 170508b xxu||||| |||| 00| 0 eng d
041 _aeng
080 _a34
100 _a14
101 _aSHJ
245 _aMANAGEMENT SUPERVISION IN LAW ENFORCEMENT
_cBENNETT.W.W
942 _2udc
_cBK
999 _c12899
_d12899